Normal view
MARC view
- Fourier Series and Boundary Value Problems
Entry Topical Term
001 - CONTROL NUMBER
- control field: 112434
003 - CONTROL NUMBER IDENTIFIER
- control field: NUST
005 - DATE AND TIME OF LATEST TRANSACTION
- control field: 20230518105816.0
008 - FIXED-LENGTH DATA ELEMENTS
- fixed length control field: 230518|| aca||aabn | a|a d
040 ## - CATALOGING SOURCE
- Original cataloging agency: NUST
- Transcribing agency: NUST
150 ## - HEADING--TOPICAL TERM
- Topical term or geographic name entry element: Fourier Series and Boundary Value Problems
670 ## - SOURCE DATA FOUND
- Source citation: Work cat.: (NUST): Brown, James Ward 8852, Fourier Series and Boundary Value Problems, 2012.
